000
00322nam a22001337a 4500
008
180928b xxu||||| |||| 00| 0 eng d
020
_a
0683015214
041
_a
eng
080
_a
615
100
_a
5
101
_a
FAR
245
_a
The Pharmacologic Aproach To The Critically iii Patient
_c
Bart.CH
942
_2
udc
_c
BK
999
_c
48694
_d
48694